Statistiken für Europäische Staaten im Jahre 1900

Klicken Sie hier um das Quiz zu spielen!

Allgemein

  • Dieses Quiz wurde 538 mal gespielt
  • Das Durchschnittsergebnis liegt bei 19 aus 24

Antwortstatistiken

HintAntwort% Korrekt
SüdeurpaSpanien
93%
SüdeuropaItalien
92%
SüdeuropaPortugal
92%
WesteuropaFrankreich
91%
NordeuropaSchweden-Norwegen
91%
OsteuropaRussland
89%
WesteuropaBelgien
86%
NordeuropaDänemark
86%
SüdosteuropaGriechenland
86%
WesteuropaNiederlande
86%
MitteleuropaSchweiz
85%
MitteleuropaÖsterreich-Ungarn
84%
MitteleuropaLuxemburg
82%
MitteleuropaDeutsches Reich
78%
SüdosteuropaRumänien
78%
SüdosteuropaBulgarien
77%
SüdosteuropaSerbien
75%
SüdeuropaAndorra
73%
MitteleuropaLiechtenstein
70%
SüdeuropaSan Marino
70%
SüdeuropaMonaco
68%
WesteuropaVereinigtes Königreich Großbritannien und Irland
68%
SüdosteuropaOsmanisches Reich
62%
SüdosteuropaMontenegro
52%

Verteilung der Resultate

Perzentil nach korrekt beantworteten Fragen

Anzahl Personen mit jedem Resultat

Ihre Resultats-Entwicklung

Sie haben dieses Quiz noch nicht gespielt